| 000 | 00000nas 2200000zi 4500 |
| 001 | 9.506794 |
| 003 | CaOODSP |
| 005 | 20250107144053 |
| 006 | m o d f |
| 007 | cr cn||||||||| |
| 008 | 150406c19969999oncar p os f0 a0eng|d |
| 022 | |a1493-5651 |
| 040 | |aCaOODSP|beng|erda|cCaOODSP |
| 043 | |an-cn--- |
| 086 | 1 |aH126-1E-PDF|zH46-4/2E-PDF |
| 130 | 0 |aReport on occupational radiation exposures in Canada (Online) |
| 210 | 0 |aRep. occup. radiat. expos. Can. |b(Online) |
| 222 | 0|aReport on occupational radiation exposures in Canada |b(Online) |
| 245 | 10|aReport on occupational radiation exposures in Canada. |
| 264 | 1|aOttawa : |bHealth Canada, |c1996- |
| 310 | |aAnnual |
| 336 | |atext|btxt|2rdacontent |
| 337 | |acomputer|bc|2rdamedia |
| 338 | |aonline resource|bcr|2rdacarrier |
| 362 | 1 |aBegan with 1996. |
| 500 | |aIssued also in French under title : Rapport de ... sur les radioexpositions professionnelles au Canada (1996-2016) ; Rapport de ... sur l’exposition professionnelle aux rayonnements au Canada (2017-). |
| 500 | |aBeginning with 2008-2018 report, issues are filed by date of publication, not date of coverage. |
| 550 | |aIssued 1996-1999 by Health Protection Branch; 2000- by Radiation Protection Bureau, Healthy Environments and Consumer Safety Branch. |
| 650 | 0|aRadiation workers|xDiseases|zCanada|vStatistics|vPeriodicals. |
| 650 | 0|aRadiation|xDosage|vStatistics|vPeriodicals. |
| 651 | 0|aCanada. |
| 655 | 7|aStatistics|2lcgft |
| 655 | 7|aPeriodicals|2lcgft |
| 710 | 1 |aCanada. |bHealth Canada, |eissuing body. |
| 775 | 08|tRapport de ... sur les radioexpositions professionnelles au Canada |w(CaOODSP)9.503189 |
| 775 | 08|tRapport de ... sur l’exposition professionnelle aux rayonnements au Canada.|w(CaOODSP)9.845724 |
| 780 | 00|tOccupational radiation exposures in Canada |w(CaOODSP)9.506792 |